| 000 | 00422nam a2200157Ia 4500 | ||
|---|---|---|---|
| 008 | 210716s2014 xx 000 0 und d | ||
| 020 | _a9780199672455 | ||
| 041 | _aeng | ||
| 082 | _a658.3125 LUMM | ||
| 100 | _aLumley, Maryvonne;W | ||
| 245 | _aDeveloping employability for business. | ||
| 250 | _a1 | ||
| 260 |
_aNew Delhi _bOxford University Press _c2014 |
||
| 300 | _axii,223 | ||
| 650 | _aHuman Resource Management | ||
| 999 |
_c209441 _d209441 |
||